<?xml version="1.0" encoding="UTF-8"?>
<record
    xmlns:xsi="http://www.w3.org/2001/XMLSchema-instance"
    xsi:schemaLocation="http://www.loc.gov/MARC21/slim http://www.loc.gov/standards/marcxml/schema/MARC21slim.xsd"
    xmlns="http://www.loc.gov/MARC21/slim">

  <leader>01767nam a22002777a 4500</leader>
  <controlfield tag="005">20110812115952.0</controlfield>
  <datafield tag="010" ind1=" " ind2=" ">
    <subfield code="a">B-428564-567</subfield>
  </datafield>
  <datafield tag="020" ind1=" " ind2=" ">
    <subfield code="a">9788172237684</subfield>
    <subfield code="c">595.00</subfield>
  </datafield>
  <datafield tag="035" ind1=" " ind2=" ">
    <subfield code="a">B-428564-567</subfield>
  </datafield>
  <datafield tag="037" ind1=" " ind2=" ">
    <subfield code="b">Researchco Book Centre</subfield>
  </datafield>
  <datafield tag="082" ind1=" " ind2=" ">
    <subfield code="a">338.470040954</subfield>
  </datafield>
  <datafield tag="100" ind1="1" ind2=" ">
    <subfield code="a">Sharma, Dinesh C.</subfield>
    <subfield code="9">32890</subfield>
  </datafield>
  <datafield tag="245" ind1="1" ind2="4">
    <subfield code="a">The long revolution :</subfield>
    <subfield code="b">the birth and growth of India's IT industry /</subfield>
    <subfield code="c">Dinesh C. Sharma.</subfield>
  </datafield>
  <datafield tag="260" ind1=" " ind2=" ">
    <subfield code="a">Noida :</subfield>
    <subfield code="b">Harper Collins Publishers India</subfield>
    <subfield code="c">2009.</subfield>
  </datafield>
  <datafield tag="300" ind1=" " ind2=" ">
    <subfield code="a">xxi, 488 p. ;</subfield>
    <subfield code="c">23 cm. (Hb)</subfield>
  </datafield>
  <datafield tag="500" ind1=" " ind2=" ">
    <subfield code="a">Includes bibliographical references and index.</subfield>
  </datafield>
  <datafield tag="650" ind1=" " ind2="0">
    <subfield code="a">Computer software industry</subfield>
    <subfield code="z">India</subfield>
    <subfield code="x">History.</subfield>
    <subfield code="9">32891</subfield>
  </datafield>
  <datafield tag="650" ind1=" " ind2="0">
    <subfield code="a">Information technology</subfield>
    <subfield code="z">India</subfield>
    <subfield code="x">History.</subfield>
    <subfield code="9">32892</subfield>
  </datafield>
  <datafield tag="942" ind1=" " ind2=" ">
    <subfield code="2">ddc</subfield>
    <subfield code="c">EN</subfield>
    <subfield code="m">SHA</subfield>
    <subfield code="h">338.470040954</subfield>
  </datafield>
  <datafield tag="999" ind1=" " ind2=" ">
    <subfield code="c">55348</subfield>
    <subfield code="d">55348</subfield>
  </datafield>
  <datafield tag="952" ind1=" " ind2=" ">
    <subfield code="0">0</subfield>
    <subfield code="1">0</subfield>
    <subfield code="4">0</subfield>
    <subfield code="7">0</subfield>
    <subfield code="8">NFIC</subfield>
    <subfield code="a">L</subfield>
    <subfield code="b">L</subfield>
    <subfield code="d">2011-08-16</subfield>
    <subfield code="e">Researchco Book Centre/RBC-22425/2011-12/17.3.11/76/4.3.11/30.3.11</subfield>
    <subfield code="g">595.00</subfield>
    <subfield code="l">3</subfield>
    <subfield code="m">2</subfield>
    <subfield code="o">338.470040954 SHA</subfield>
    <subfield code="p">B-428564</subfield>
    <subfield code="r">2024-04-16 00:00:00</subfield>
    <subfield code="s">2024-03-18</subfield>
    <subfield code="t">1</subfield>
    <subfield code="v">595.00</subfield>
    <subfield code="w">2011-08-16</subfield>
    <subfield code="y">EN</subfield>
  </datafield>
  <datafield tag="952" ind1=" " ind2=" ">
    <subfield code="0">0</subfield>
    <subfield code="1">0</subfield>
    <subfield code="4">0</subfield>
    <subfield code="7">0</subfield>
    <subfield code="8">NFIC</subfield>
    <subfield code="a">BL1</subfield>
    <subfield code="b">BL1</subfield>
    <subfield code="d">2011-08-16</subfield>
    <subfield code="e">Researchco Book Centre/RBC-22425/2011-12/17.3.11/76/4.3.11/30.3.11</subfield>
    <subfield code="g">595.00</subfield>
    <subfield code="l">0</subfield>
    <subfield code="o">338.470040954 SHA</subfield>
    <subfield code="p">B-428565</subfield>
    <subfield code="r">2011-08-16 00:00:00</subfield>
    <subfield code="t">1</subfield>
    <subfield code="v">595.00</subfield>
    <subfield code="w">2011-08-16</subfield>
    <subfield code="y">EN</subfield>
  </datafield>
  <datafield tag="952" ind1=" " ind2=" ">
    <subfield code="0">0</subfield>
    <subfield code="1">0</subfield>
    <subfield code="4">0</subfield>
    <subfield code="7">0</subfield>
    <subfield code="8">NFIC</subfield>
    <subfield code="a">ZLS</subfield>
    <subfield code="b">ZLS</subfield>
    <subfield code="d">2011-08-16</subfield>
    <subfield code="e">Researchco Book Centre/RBC-22425/2011-12/17.3.11/76/4.3.11/30.3.11</subfield>
    <subfield code="g">595.00</subfield>
    <subfield code="l">0</subfield>
    <subfield code="o">338.470040954 SHA</subfield>
    <subfield code="p">B-428566</subfield>
    <subfield code="r">2011-08-16 00:00:00</subfield>
    <subfield code="t">1</subfield>
    <subfield code="v">595.00</subfield>
    <subfield code="w">2011-08-16</subfield>
    <subfield code="y">EN</subfield>
  </datafield>
  <datafield tag="952" ind1=" " ind2=" ">
    <subfield code="0">0</subfield>
    <subfield code="1">0</subfield>
    <subfield code="4">0</subfield>
    <subfield code="7">0</subfield>
    <subfield code="8">NFIC</subfield>
    <subfield code="a">BL3</subfield>
    <subfield code="b">BL3</subfield>
    <subfield code="d">2011-08-16</subfield>
    <subfield code="e">Researchco Book Centre/RBC-22425/2011-12/17.3.11/76/4.3.11/30.3.11</subfield>
    <subfield code="g">595.00</subfield>
    <subfield code="l">0</subfield>
    <subfield code="o">338.470040954 SHA</subfield>
    <subfield code="p">B-428567</subfield>
    <subfield code="r">2011-08-16 00:00:00</subfield>
    <subfield code="t">1</subfield>
    <subfield code="v">595.00</subfield>
    <subfield code="w">2011-08-16</subfield>
    <subfield code="y">EN</subfield>
  </datafield>
</record>
